Príjmy zdravotných systémov
Zdravotné systémy vo svete sa líšia v tom, či zabezpečujú zdravotnú starostlivosť pre všetkých alebo len vybraných občanov. Rozdiely sú preto v inštitucionálnom usporiadaní a mobilizácii zdrojov rezortu. Systémy zdravotníctva majú rôznu podobu od všeobecnými daňami financovanej štátom riadenej zdrav...
Saved in:
| Main Author: | |
|---|---|
| Format: | Book Chapter |
| Language: | Slovak |
| Subjects: | |
| Tags: |
No Tags, Be the first to tag this record!
|
MARC
| LEADER | 00000nla$a2200000$$$4500 | ||
|---|---|---|---|
| 001 | 0110349 | ||
| 005 | 20240502072221.5 | ||
| 041 | 0 | |a slo | |
| 044 | |a SK | ||
| 245 | 1 | 0 | |a Príjmy zdravotných systémov |c Ľuboš Kuchta |
| 520 | |a Zdravotné systémy vo svete sa líšia v tom, či zabezpečujú zdravotnú starostlivosť pre všetkých alebo len vybraných občanov. Rozdiely sú preto v inštitucionálnom usporiadaní a mobilizácii zdrojov rezortu. Systémy zdravotníctva majú rôznu podobu od všeobecnými daňami financovanej štátom riadenej zdravotnej služby až po dobrovoľné príspevky zamestnávateľov a zamestnancov na súkromné zdravotné poistenie. Cieľom tohto príspevku je sumarizovať existujúce systémy a spôsoby ich financovania. Rozdiely vo financovaní sú vo výbere zdrojov, ich akumulácii, následnom nákupe a odmeňovaní. | ||
| 610 | 2 | 0 | |a zdravotníctvo |
| 610 | 2 | 0 | |a zdroje finančné |
| 610 | 2 | 0 | |a financovanie |
| 610 | 2 | 0 | |a príjmy |
| 100 | 1 | |a Kuchta, Ľuboš | |